| 000 | 00616nam a2200217 a 4500 | ||
|---|---|---|---|
| 005 | 20160105052521.0 | ||
| 008 | 140224b1997 gw ||||| |||| 00| 0 eng d | ||
| 040 |
_aCO-BoIAVH _cCO-BoIAVH |
||
| 041 | _aeng | ||
| 044 | _agx | ||
| 082 |
_a583.69 _bC32t |
||
| 100 | 1 |
_aCarter, Susan _99718 |
|
| 245 | 1 | 4 | _aCITES checklist of succulent euphorbia taxa (Euphorbiaceae) |
| 260 |
_aBonn _bGerman Federal Agency for Nature Conservation _c1997 |
||
| 300 | _a70 paginas | ||
| 650 |
_aListas rojas UICN _91359 |
||
| 650 |
_aCITES _92790 |
||
| 650 |
_aEuphorbiaceae _946119 |
||
| 700 |
_aEggli, Urs _99719 |
||
| 942 |
_cLIBRO _2ddc |
||
| 999 |
_c895 _d895 |
||